OFC Nations Cup Host Cities 1973-2024 - Statistics

General Stats
  • This quiz has been taken 22 times
  • The average score is 19 of 23
Answer Stats
Edition City % Correct
New Zealand 1973 Auckland
100%
New Zealand 2002 Auckland
100%
Various Hosts 2008 Auckland
100%
Australia 1998 Brisbane
100%
Papua New Guinea 2016 Port Moresby
100%
Fiji & Vanuatu 2024 Suva
100%
Australia 2004 Sydney
100%
Various Hosts 2008 Wellington
100%
Australia 2004 Adelaide
94%
Various Hosts 1996 Canberra
88%
Various Hosts 2008 Port Vila
88%
Fiji & Vanuatu 2024 Port Vila
88%
Various Hosts 1996 Honiara
82%
Australia 2004 Honiara
82%
Solomon Islands 2012 Honiara
82%
Various Hosts 1996 Christchurch
76%
Various Hosts 1996 Papeete
71%
Tahiti 2000 Papeete
71%
New Caledonia 1980 Noumea
65%
Various Hosts 2008 Noumea
65%
Various Hosts 1996 Newcastle
53%
Various Hosts 2008 Ba
35%
Various Hosts 2008 Lautoka
12%
No matching quizzes found
Score Distribution
Percent of People with Each Score
Percentile by Number Answered
Your Score History
You have not taken this quiz